01719nam a2200289Ia 450000100060000000300090000600800410001504000130005604000130006904100130008210000170009510000280011224000210014024000350016124500320019624500320022825000110026026000110027126000220028226000490030430000560035350008980040965000430130765000310135070000190138170000290140076624IT-RoPAU130308s9999 xx 000 0 und d aIT-RoPAU cIT-RoPAU aITALIANO aWerner Heinz gCodice Aut. SPICS: 493 aSYMBOL FORMATION gCodice Tit. Orig. Spics: T0912 aFormazione del simbolo (La) bFormazione del Simbolo (La) a1a ed. aMILANO bCortina Raffaello c1989 [1° Ed.:1989 - Ed.Ling.Originale:1984] a"606 p. (prefazione: 28; testo: 578 [pagine: 0-0])" aCornice Organismico Evolutiva Orientamento Organismico Olistico Orientamento Evolutivo Base Organismica della Formazione Simbolica modificazioni Evolutive nel Processo Simbolico Natura del Linguaggio Inteso Come medium Autonomo Ontogenesi Riferimento e raffigurazione Formazione degli Oggetti di contemplazione Riferimento Denotativo raffigurazione gestuale motoria raffigurazione vocale Denominazione Onomatopeica e convenzionale Espressioni Monorematiche Proposizioni Predicative Espressione Linguistica delle relazioni tra pensieri manipolazione del medium Linguistico Apprensione Fisiognomica delle forme del Linguaggio manipolazione delle forme Linguistiche nel sogno e Stati Patologici Discorso interiore ed Esteriore Negli Adulti normali e Negli schizofrenici Simbolizzazione in Media Non Fonetici Denominazione Non Verbale Espressione del Tempo in Media Non Verbali di Rappresentazione aPSICOLOGIA DELLA COMUNICAZIONE SOCIALE eCodice materia Spics: 3805 aKaplan Bernard gCodice Aut. SPICS: 26914